[Event "Challenge"]
[Site "http://www.queenalice.com/game.php?id=634772"]
[Date "2009.8.11"]
[Round "-"]
[White "alcemirctis"]
[Black "jeancnet"]
[Result "1-0"]
[WhiteElo "1330"]
[BlackElo "1308"]

1. e4 e5 2. Nf3 f6 3. Bc4 Nh6 4. h3 c6 5. d3 b5 6. Bb3 Bb4+ 7. c3 Bc5 8. Bxh6
gxh6 9. Nh4 f5 10. Qh5+ Ke7 11. Nxf5+ Kf6 12. Qxh6# 1-0

[Event "Challenge"]
[Site "http://www.queenalice.com/game.php?id=634773"]
[Date "2009.8.11"]
[Round "-"]
[White "alcemirctis"]
[Black "jeancnet"]
[Result "1-0"]
[WhiteElo "1353"]
[BlackElo "1311"]

1. e4 e5 2. d3 Qh4 3. g3 Qe7 4. Nf3 g6 5. Nc3 Qc5 6. Nd5 c6 7. Nc7+ Kd8 8. Nxa8
d5 9. Nxe5 dxe4 10. Nxf7+ Ke8 11. Nxh8 Nh6 12. dxe4 Ng4 13. Qf3 Qb4+ 14. c3 Qa5
15. Qf7+ Kd8 16. Bg5+ Qxg5 17. Qc7+ Ke8 18. Qxc8+ Qd8 19. Qxb7 Bh6 20. Qf7# 1-0

[Event "Challenge"]
[Site "http://www.queenalice.com/game.php?id=642475"]
[Date "2009.8.26"]
[Round "-"]
[White "alcemirctis"]
[Black "neoiron"]
[Result "1-0"]
[WhiteElo "1471"]
[BlackElo "1311"]

1. e4 e5 2. Nf3 Nc6 3. Bc4 Nf6 4. d3 Nb4 5. Nxe5 d6 6. Nxf7 Qe7 7. Nxh8 Bg4 8.
Qd2 d5 9. Bb3 dxe4 10. O-O O-O-O 11. Nf7 Rd7 12. Ng5 h6 13. Be6 Bxe6 14. Nxe6
Qxe6 15. a3 Nbd5 16. Re1 g5 17. Nc3 Nb6 18. Nxe4 Ng4 19. Nxg5 Qf5 20. Ne6 Be7
21. f3 Ne5 22. Nd4 Qg6 23. Rxe5 Bd6 24. Re2 Qh5 25. Qxh6 Qxh6 26. Bxh6 Nd5 27.
Bg5 b6 28. g3 Rg7 29. Bh4 Bc5 30. Re4 a5 31. c4 Bxd4+ 32. Rxd4 Ne3 33. Re1 Nc2
34. Re8+ Kb7 35. Rg4 Rf7 36. f4 Nd4 37. b4 Nf3+ 38. Kh1 Rf5 39. Rgg8 Kc6 40. Kg2
Nd2 41. Kh3 Nb1 42. Kg4 Rf7 43. Bd8 Nxa3 44. Re7 Rf6 45. Bxc7 axb4 46. Rc8 Kb7
47. Rb8+ Ka7 48. Be5+ Ka6 49. Ra8# 1-0

[Event "Challenge"]
[Site "http://www.queenalice.com/game.php?id=642476"]
[Date "2009.8.26"]
[Round "-"]
[White "alcemirctis"]
[Black "Dionnatann"]
[Result "0-1"]
[WhiteElo "1457"]
[BlackElo "1447"]

1. e4 e5 2. Nf3 Nc6 3. Nc3 Bb4 4. a3 Bxc3 5. dxc3 d6 6. Bb5 a6 7. Bxc6+ bxc6 8.
O-O Nf6 9. Bg5 h6 10. Bh4 g5 11. Bg3 Bg4 12. h3 Bxf3 13. Qxf3 O-O 14. b4 Qd7 0-1

[Event "AUTO-INT-1448"]
[Site "http://www.queenalice.com/game.php?id=652805"]
[Date "2009.9.15"]
[Round "1"]
[White "Rogertodyy"]
[Black "alcemirctis"]
[Result "1-0"]
[WhiteElo "1702"]
[BlackElo "1441"]

1. e4 e5 2. Nf3 Nc6 3. Bc4 Bc5 4. Nc3 h6 5. d3 Nf6 6. Bd2 Nd4 7. Nxd4 Bxd4 8.
Nb5 Bxb2 9. Rb1 Bd4 10. O-O a6 11. Nxd4 b5 12. Nxb5 axb5 13. Rxb5 Ba6 14. Rxe5+
Kf8 15. Bb4+ d6 16. Rf5 g6 17. Rf3 Kg7 18. Bc3 Bxc4 19. dxc4 Rxa2 20. Qb1 Ra4
21. Qb2 Qa8 22. Bxf6+ Kg8 23. Bxh8 Kf8 24. Qg7+ Ke8 25. Qxf7+ Kd8 26. Qf8+ 1-0

[Event "AUTO-INT-1448"]
[Site "http://www.queenalice.com/game.php?id=652806"]
[Date "2009.9.15"]
[Round "1"]
[White "alcemirctis"]
[Black "Rogertodyy"]
[Result "0-1"]
[WhiteElo "1517"]
[BlackElo "1683"]

1. e4 e5 2. Nf3 Nc6 3. Nc3 Bc5 4. Bb5 Qf6 5. d3 Nd4 6. Nd5 Qd8 7. Ba4 c6 8. Ne3
b5 9. Bb3 Qf6 10. Ng4 Qe7 11. Ngxe5 Nh6 12. Bxh6 gxh6 13. Nxf7 Rf8 14. Nxh6 d6
15. O-O Nxf3+ 16. gxf3 Bh3 17. Re1 Qg5+ 18. Ng4 h5 19. Re3 Bxe3 20. fxe3 hxg4
21. f4 Qh4 22. Qe2 g3 23. hxg3 Qxg3+ 24. Kh1 Rg8 25. Bxg8 Qxg8 0-1

[Event "AUTO-INT-1448"]
[Site "http://www.queenalice.com/game.php?id=652819"]
[Date "2009.9.15"]
[Round "1"]
[White "alcemirctis"]
[Black "PedroBritto"]
[Result "0-1"]
[WhiteElo "1514"]
[BlackElo "1572"]

1. e4 e5 2. Nf3 Nc6 3. Bb5 Nd4 4. Nxd4 exd4 5. Qf3 Nh6 6. d3 c6 7. Ba4 b5 8. Bb3
d5 9. exd5 Bg4 10. Qe4+ Be7 11. O-O Qb8 12. Re1 O-O 13. Qxe7 Bh5 14. Bxh6 Re8
15. Qxe8+ Qxe8 16. Rxe8+ Rxe8 17. Bf4 Re1# 0-1

[Event "AUTO-INT-1448"]
[Site "http://www.queenalice.com/game.php?id=652820"]
[Date "2009.9.15"]
[Round "1"]
[White "PedroBritto"]
[Black "alcemirctis"]
[Result "1-0"]
[WhiteElo "1606"]
[BlackElo "1508"]

1. e3 e5 2. h4 d6 3. Nh3 Bxh3 4. Rxh3 Be7 5. Qg4 Nf6 6. Qxg7 Nc6 7. Qxh8+ Bf8 8.
Bc4 Ne7 9. h5 Qd7 10. Qxf6 O-O-O 11. Qf3 f5 12. Ba6 c6 13. Bc4 d5 14. Bb3 Bh6
15. d4 e4 16. Qg3 Rf8 17. Bd2 b6 18. Na3 Ng8 19. Bb4 Re8 20. O-O-O 1-0

[Event "AUTO-BEG-324"]
[Site "http://www.queenalice.com/game.php?id=662073"]
[Date "2009.10.3"]
[Round "2"]
[White "alcemirctis"]
[Black "gmsanti"]
[Result "0-1"]
[WhiteElo "1431"]
[BlackElo "1749"]

1. e4 g6 2. Nc3 d6 3. d4 c6 4. Nf3 d5 5. e5 h5 6. g3 Bg4 7. Bg2 e6 8. h3 Bxf3 9.
Bxf3 Ne7 10. Be3 Nf5 0-1